00396nam a2200145Ia 450000500170000000800410001704000190005804100120007708200160008924500520010526000420015730000120019970000290021185000100024020230405111643.0131103s9999 xx 000 0 und d aLoreto College aEnglish a823.08bSAX aModern Storiescedited by Sharada Prasad Saxena aLondonbOxford University Pressc1957 a204 p.  aSaxena,Sarada Prasad,ed. aLCLIB